[Event "Subotica Autumn op"]
[Site "Subotica"]
[Date "2012.12.18"]
[Round "5"]
[White "Dulac, Lako"]
[Black "Lanji, Laslo"]
[Result "1-0"]
[WhiteElo "1747"]
[BlackElo "1862"]
[PlyCount "129"]
[EventDate "2012.12.14"]
[EventType "swiss"]
[EventRounds "9"]
[EventCountry "SRB"]
[SourceTitle "EXT 2014"]
[Source "ChessBase"]
[SourceDate "2013.11.20"]
[SourceVersion "1"]
[SourceVersionDate "2013.11.20"]
[SourceQuality "1"]

1. d4 d5 2. Nf3 g6 3. Bf4 Bg7 4. e3 Nf6 5. Bd3 Nc6 6. h3 Nb4 7. Bb5+ Bd7 8. Bxd7+ Nxd7 9. c3 Nc6 10. Qb3 Nb6 11. 0-0 0-0 12. Nbd2 Rb8 13. Rac1 Re8 14. Rfd1 e6 15. Qc2 Na5 16. b3 Rc8 17. c4 c6 18. c5 Nd7 19. b4 Nc4 20. Nxc4 dxc4 21. Qxc4 a6 22. a4 b5 23. cxb6 Qxb6 24. Bd6 a5 25. Rb1 Qa7 26. b5 Qb7 27. b6 Ra8 28. Rdc1 Nxb6 29. Qb3 Qd7 30. Qxb6 Qxd6 31. Qxc6 Bf8 32. Ne5 Rab8 33. Qf3 f5 34. Rb5 Rxb5 35. axb5 a4 36. Rc6 Qb4 37. Ra6 Rc8 38. Qe2 Re8 39. Qa2 Kg7 40. Rxe6 Rxe6 41. Qxe6 Qe7 42. Qd5 Qb4 43. g4 Bd6 44. Qf7+ Kh8 45. g5 a3 46. Qe8+ Kg7 47. Qf7+ Kh8 48. Qd5 Qb2 49. Qa8+ Kg7 50. Qb7+ Kh8 51. Qc8+ Kg7 52. Qd7+ Kg8 53. Qd8+ Kg7 54. Qf6+ Kg8 55. Qd8+ Kg7 56. Qd7+ Kg8 57. Qe6+ Kg7 58. Kg2 Bxe5 59. dxe5 Qxb5 60. Qe7+ Kg8 61. e6 Qd5+ 62. Kg1 h6 63. gxh6 Qe5 64. Qf7+ Kh8 65. e7 1-0